<?xml version="1.0" encoding="UTF-8"?>
<collection xmlns="http://www.loc.gov/MARC21/slim">
 <record>
  <leader>01711nam a2200205 a 4500</leader>
  <controlfield tag="001">TVCDKTCT9207</controlfield>
  <controlfield tag="003">Thư viện trường Cao đẳng Kỹ thuật Cao Thắng</controlfield>
  <controlfield tag="005">20080424000000</controlfield>
  <controlfield tag="008">080424</controlfield>
  <datafield tag="980" ind1="\" ind2="\">
   <subfield code="a">Thư viện Trường CĐ Kỹ Thuật Cao Thắng</subfield>
  </datafield>
  <datafield tag="024" ind1=" " ind2=" ">
   <subfield code="a">RG_1 #1 eb0 i1</subfield>
  </datafield>
  <datafield tag="041" ind1="0" ind2="#">
   <subfield code="a">vie</subfield>
  </datafield>
  <datafield tag="082" ind1="#" ind2="#">
   <subfield code="a">895.9223 / </subfield>
   <subfield code="b">TR527N-n</subfield>
  </datafield>
  <datafield tag="100" ind1="1" ind2="#">
   <subfield code="a">Nhiều tác giả</subfield>
  </datafield>
  <datafield tag="245" ind1="0" ind2="0">
   <subfield code="a">Truyện ngắn hay 2006 /</subfield>
   <subfield code="c">Nhiều tác giả</subfield>
  </datafield>
  <datafield tag="250" ind1="#" ind2="#">
   <subfield code="a">In lần thứ 1</subfield>
  </datafield>
  <datafield tag="260" ind1="#" ind2="#">
   <subfield code="a">H. :</subfield>
   <subfield code="b">Hội nhà  văn ,</subfield>
   <subfield code="c">2007</subfield>
  </datafield>
  <datafield tag="300" ind1="#" ind2="#">
   <subfield code="a">531tr. ;</subfield>
   <subfield code="c">19cm.</subfield>
  </datafield>
  <datafield tag="520" ind1="#" ind2="#">
   <subfield code="a">&quot;Truyện ngắn hay 2006&quot; của Hội nhà văn là một tuyển tập gồm 31 tác phẩm truyện ngắn hay nhất năm 2006 đã được Hội nhà văn bình chọn như: Bức tranh người đàn bà chơi vĩ cầm; Xe Camry ba chấm; Cảnh phim quay ngoài trời; Thiên đường chớp mắt; Cô Khịt; Ớp-đết; Những vùng trời của họ; Gọi điện; Tiếng chuông chiều; Mùa hoa liễu quế hưưong; Xóm Sở Mỹ; Lý lịch của Phật; Người vô danh; Khúc trầm cảm; Người ăn gió; Cocktail; Những cái kết cho một chuyện tình dự thi; Đời lá; Ngày về; Chuyến tàu hoang đường; Đôi bông cưới; Bức phù điêu mây trắng; Bé Siu; Người tù được đặc xá; Khách sạn 5 sao; Lộc trời; Quyên; Rượu cần đêm mưa; ío trên vịnh San Francisco;  Năm thằng cao kều; Sông cạn.</subfield>
  </datafield>
  <datafield tag="650" ind1="#" ind2="4">
   <subfield code="a">Truyện ngắn--Việt Nam--2006</subfield>
  </datafield>
 </record>
</collection>
